[Event "Kishinev op"]
[Site "Kishinev"]
[Date "2014.01.24"]
[Round "7"]
[White "Grama, Cristian"]
[Black "Plamadeala, Ion"]
[Result "1-0"]
[WhiteElo "1873"]
[BlackElo "1597"]
[PlyCount "59"]
[EventDate "2014.01.18"]
[EventType "swiss"]
[EventRounds "9"]
[EventCountry "MDA"]
[SourceTitle "EXT 2016"]
[Source "ChessBase"]
[SourceDate "2015.10.08"]
[SourceVersion "1"]
[SourceVersionDate "2015.10.08"]
[SourceQuality "1"]

1. e4 e5 2. Nf3 Nc6 3. Bc4 Bc5 4. c3 Nf6 5. d3 d6 6. Bb3 a6 7. h3 Ba7 8. Nbd2 h6 9. Nf1 Be6 10. Bc2 0-0 11. Ng3 Nh7 12. 0-0 Qd7 13. Re1 Ne7 14. d4 exd4 15. cxd4 c6 16. Nh4 d5 17. e5 f5 18. exf6 Rxf6 19. Be3 Raf8 20. Qd3 Nf5 21. Nhxf5 Bxf5 22. Nxf5 Rxf5 23. g4 Ng5 24. gxf5 Nf3+ 25. Kf1 Nxe1 26. Kxe1 Re8 27. Kd2 Bb6 28. Rg1 Kf7 29. f6 Kxf6 30. Rg6+ 1-0

[Event "Kishinev op"]
[Site "Kishinev"]
[Date "2014.01.18"]
[Round "1"]
[White "Plamadeala, Ion"]
[Black "Itkis, Boris"]
[Result "0-1"]
[WhiteElo "1597"]
[BlackElo "2372"]
[PlyCount "66"]
[EventDate "2014.01.18"]
[EventType "swiss"]
[EventRounds "9"]
[EventCountry "MDA"]
[SourceTitle "EXT 2016"]
[Source "ChessBase"]
[SourceDate "2015.10.08"]
[SourceVersion "1"]
[SourceVersionDate "2015.10.08"]
[SourceQuality "1"]

1. e4 g6 2. d4 Bg7 3. Be3 d6 4. Bc4 Nf6 5. f3 0-0 6. Ne2 d5 7. exd5 Nxd5 8. Bf2 Nc6 9. 0-0 Nb6 10. Bb3 Na5 11. c3 Nxb3 12. axb3 c6 13. Bg3 Bf5 14. Na3 Nd5 15. Qd2 h5 16. Nc4 Kh7 17. Bh4 f6 18. Ne3 Bh6 19. f4 Nxe3 20. Qxe3 Qd7 21. d5 Qxd5 22. Qxe7+ Rf7 23. Qe3 Qxb3 24. Nd4 Qd5 25. Nxf5 Qxf5 26. Rxa7 Bf8 27. b4 Bc5 28. bxc5 Rxa7 29. Qd4 Ra5 30. Bf2 Rb5 31. c4 Rb1 32. Be1 Re7 33. Bc3 Re4 0-1